| 000 | 01375cam a22001814a 4500 | ||
|---|---|---|---|
| 005 | 20250605164034.0 | ||
| 008 | 250528s ||||||||||||||||||||||||d | ||
| 035 | _a16768 | ||
| 040 |
_aGR-AtMCL _bgre _dGR-AtMCL _eAACR2 |
||
| 245 | 1 | _aΕξελικτική Ψυχολογία / Η Ψυχική ζωή από τη σύλληψη ως την ενηλικίωση | |
| 260 |
_bΑθήνα, _c1985 |
||
| 300 | _a194 | ||
| 520 | _aΤόμος 3 - Ψυχολογική Θεώρηση της Πορείας της Ζωής από τη Σύλληψη ως την Ενηλικίωση. Το έργο περιγράφει και ερμηνεύει τις αλλαγές που συμβαίνουν στην ψυχική ζωή του νέου ατόμου, από τη σύλληψη ως το 20ο Έτος. Σχολική Ηλικία, Εισαγωγικά Σχόλια, Βιοσωματική Ανάπτυξη Κατά τη Σχολική Ηλικία, Γνωστική Ανάπτυξη Κατά τη Σχολική Ηλικία, Ανάπτυξη της Μνήμης και της Δημιουργικής Σκέψης, Ψυχοκοινωνική Ανάπτυξη Κατά τη Σχολική Ηλικία, Ανάπτυξη της Ηθικότητας. | ||
| 700 | 1 |
_aΠαρασκευοπουλος Ιωαννης Ν _92858 |
|
| 942 | _cBK | ||
| 999 |
_c2233 _d2233 |
||